000 00518nam a2200217Ia 4500
003 OSt
005 20220924143706.0
006 a|||||r|||| 00| 0
007 ta
008 220923b |||||||| |||| 00| 0 urd d
024 _a309573
037 _cTextual
040 _aARTS
_cARTS
_burd
041 _2urd
_aurd
082 _aO168jM42, P1
245 0 _aNazr - e - khuda bakhsh
260 _c2001
650 _aURDU LITERATURE
942 _hO168jM42, P1
_cTEXL
_2CC
999 _c455397
_d455397